000
00353nam a2200121Ia 4500
008
151001s9999||||xx |||||||||||||| ||und||
100
_a
राजा मंगळवेढेकर
245
_a
बिरबल
250
_a
1
260
_b
प्रेस्टीज पब्लिकेशन पुणे
300
_a
96
365
_b
24
999
_c
971330
_d
971327